000 01160nam a22002657a 4500
001 7485
003 FISKH
005 20250721154818.0
008 250721b cb ||||| |||| 00| 0 eng d
020 _a9781108746328
040 _aFISKH
_beng
_cFISKH
_dFISKH
050 _aPZ7
082 _a510
100 _aWood, Mary
245 _aCambridge primary Mathemathics :
_bLearner's book 6 /
_cMary Wood, Emma Low, Greg Byrd & Lynn Byrd
260 _aUnited Kingdom :
_bCambridge University Press,
_c2021.
300 _a263 pages :
_bcolor illustrations ;
_c28 cm
520 _aWhether they are presenting data in a range of formats or exploring cube numbers Cambridge Primary Mathematics help your learner's develop their mathematiccal thinking skills, They will be fully supported with worked examples and plenty of pratice exercises, while projects throughout the book provide opportunities for deeper investigation of mathematical concept - including coordinates and angles.
650 _aMathematics
700 _aLow, Emma
_eAuthor
700 _aByrd, Greg
_eAuthor
700 _aByrd, Lynn
_eAuthor
942 _2ddc
_cBK
_n0
999 _c7485
_d7485